Bedrock geology of the central Champlain Valley of Vermont, (Record no. 29615)
[ view plain ]
| 000 -LEADER | |
|---|---|
| fixed length control field | 00917cam a22002651 4500 |
| 001 - CONTROL NUMBER | |
| control field | gs 62000182 |
| 003 - CONTROL NUMBER IDENTIFIER | |
| control field | DLC |
| 005 - DATE AND TIME OF LATEST TRANSACTION | |
| control field | 20260227111411.0 |
| 008 - FIXED-LENGTH DATA ELEMENTS--GENERAL INFORMATION | |
| fixed length control field | 760617s1961 xx 000 0 eng |
| 010 ## - LIBRARY OF CONGRESS CONTROL NUMBER | |
| LC control number | gs 62000182 |
| 035 ## - SYSTEM CONTROL NUMBER | |
| System control number | (OCoLC)2233606 |
| 040 ## - CATALOGING SOURCE | |
| Original cataloging agency | DLC |
| Transcribing agency | MeU-P |
| Modifying agency | DLC |
| 042 ## - AUTHENTICATION CODE | |
| Authentication code | premarc |
| 050 00 - LIBRARY OF CONGRESS CALL NUMBER | |
| Classification number | QE171 |
| Item number | .A3 no. 14 |
| 100 1# - MAIN ENTRY--PERSONAL NAME | |
| Personal name | Welby, Charles W. |
| 245 10 - TITLE STATEMENT | |
| Title | Bedrock geology of the central Champlain Valley of Vermont, |
| Statement of responsibility, etc. | by Charles W. Welby. |
| 260 ## - PUBLICATION, DISTRIBUTION, ETC. | |
| Place of publication, distribution, etc. | Montpelier, |
| Name of publisher, distributor, etc. | Vermont Development Dept., |
| Date of publication, distribution, etc. | 1961. |
| 300 ## - PHYSICAL DESCRIPTION | |
| Extent | 296 p. |
| Other physical details | illus. (part col.) maps (part fold., col.) |
| Dimensions | 23 cm. |
| 490 1# - SERIES STATEMENT | |
| Series statement | Vermont. Geological Survey. Bulletin, |
| Volume/sequential designation | no. 14 |
| 500 ## - GENERAL NOTE | |
| General note | Part of illustrative matter in pocket. |
| 504 ## - BIBLIOGRAPHY, ETC. NOTE | |
| Bibliography, etc. note | Bibliography: p. 224-231. |
| 650 #0 - SUBJECT ADDED ENTRY--TOPICAL TERM | |
| Topical term or geographic name entry element | Geology |
| Geographic subdivision | Champlain Valley. |
| 740 0# - ADDED ENTRY--UNCONTROLLED RELATED/ANALYTICAL TITLE | |
| Uncontrolled related/analytical title | Central Champlain Valley of Vermont. |
| 810 1# - SERIES ADDED ENTRY--CORPORATE NAME | |
| Corporate name or jurisdiction name as entry element | Vermont. |
| Subordinate unit | State Geologist. |
| Title of a work | Bulletin ; |
| Volume/sequential designation | no. 14. |
No items available.